| 000 | 01328nam a22001337a 4500 | ||
|---|---|---|---|
| 999 |
_c533174 _d533174 |
||
| 008 | 260428b ||||| |||| 00| 0 eng d | ||
| 100 |
_aSamanta, Tannistha and Tripathi, Ashwin _960291 |
||
| 245 | _aIs grandparenting emotionally fulfilling?: Examining health, self-efficacy and family context in INDIA | ||
| 260 | _aEconomic & Political Weekly | ||
| 300 | _a 61(9), Feb 28, 2026: p.60-66 | ||
| 520 | _aLike much of South Asia, intergenerational transactions around care, economic security and affect are socially desired in India. Building upon this, we question these normatively “happy” transitions, especially into grandparenthood to move beyond the normative entrapments of family scripts and cultural morality around caregiving. Drawing from Bandura’s (2006) conceptualisation of self-efficacy and utilising the Longitudinal Ageing Study in India, we ask if grandparenting is emotionally fulfilling in later life for older Indians. Preliminary results from multivariate OLS models suggest grandparenting, being ambivalent at best, is mediated by the presence of extra-familial social networks, social participation, and health.-Reproduced https://www.epw.in/journal/2026/9/ageing-health-and-social-security/grandparenting-emotionally-fulfilling.html | ||
| 773 | _aEconomic & Political Weekly | ||
| 942 | _cAR | ||